000 00617nam a2200253Ia 4500
005 20260306152752.0
008 008 260114s9999 xx 000 0 eng d
020 _a9789387846029
037 _aEBOOK
040 _aCRL
040 _beng
040 _cCRL
041 _2eng
041 _aeng
084 _qCRL
100 _aDr. Henna Tabassum
_91124279
245 0 _aDalit Intellectuals And Social Change
260 _bCentrum Press
260 _c2013
856 _uhttps://www.asapglobe.com/searchtitles.aspx?query=9789387846029
942 _cEBOOK
999 _c1701473
_d1701473